000 00607nam a2200253Ia 4500
005 20260123170733.0
008 008 260114s9999 xx 000 0 eng d
020 _a9789352874361
037 _aEBOOK
040 _aCRL
040 _beng
040 _cCRL
041 _2eng
041 _aeng
084 _qCRL
100 _aBipan Chandra
_91107062
245 0 _aEssays on Colonialism
260 _bOrient Blackswan
260 _c2018
856 _uhttps://ebooks.orientblackswandigital.com/product/essays-on-colonialism
942 _cEBOOK
999 _c1672173
_d1672173